Подробности
| 000 -МАРКЕР |
| контрольное поле |
01467nam0a2200325 4500 |
| 001 - ИДЕНТИФИКАТОР ЗАПИСИ |
| контрольное поле |
RU\NLR\bibl\17725 |
| 005 - ИДЕНТИФИКАТОР ВЕРСИИ |
| контрольное поле |
20260405150636.0 |
| 035 ## - ДРУГИЕ СИСТЕМНЫЕ НОМЕРА |
| Идентификатор записи |
(NLR Aleph) 000017305 |
| 100 ## - ДАННЫЕ ОБЩЕЙ ОБРАБОТКИ |
| Данные общей обработки |
19990324d1998 |||y0rusy50 ca |
| 101 0# - ЯЗЫК РЕСУРСА |
| Язык текста, звукозаписи и т.д. |
русский |
| 102 ## - СТРАНА ПУБЛИКАЦИИ ИЛИ ПРОИЗВОДСТВА |
| Страна публикации |
Российская Федерация |
| 105 ## - ПОЛЕ КОДИРОВАННЫХ ДАННЫХ: ТЕКСТОВЫЕ МАТЕРИАЛЫ, МОНОГРАФИЧЕСКИЕ |
| Кодированные данные о монографическом текстовом документе |
a ||||||||| |
| 200 1# - ЗАГЛАВИЕ И СВЕДЕНИЯ ОБ ОТВЕТСТВЕННОСТИ |
| Основное заглавие |
Светлынь |
| Сведения, относящиеся к заглавию |
(Сб. рус. поэзии) |
| Первые сведения об ответственности |
[Ред. и сост. сб. Владимир Морозов] |
| 210 ## - ПУБЛИКАЦИЯ, РАСПРОСТРАНЕНИЕ И ДР. |
| Место издания, распространения и т.д. |
СПб. |
| Имя издателя, распространителя и т. д. |
Изд.-полигр. техникум |
| Дата издания, распространения и т.д. |
1998 |
| 215 ## - ФИЗИЧЕСКАЯ ХАРАКТЕРИСТИКА |
| Специфическое обозначение материала и объем |
79 с. |
| Размеры |
18 |
| 300 ## - ОБЩИЕ ПРИМЕЧАНИЯ |
| Текст примечания |
На тит. л.: К 200-летию со дня рождения А.С. Пушкина |
| 327 0# - ПРИМЕЧАНИЯ О СОДЕРЖАНИИ |
| Текст примечания |
Содерж.: Авт.: Николай Астафьев, Юлия Андреева, Алексей Ахматов, Юрий Баладжаров, Анатолий Белов, Виктор Брюховецкий, Станислав Буров, Ирина Важинская, Сергей Вакомин, Людмила Варфоломеева и др. |
| 686 ## - ИНДЕКСЫ ДРУГИХ КЛАССИФИКАЦИЙ |
| Индекс |
Ш6(2=Р)75-5 |
| 686 ## - ИНДЕКСЫ ДРУГИХ КЛАССИФИКАЦИЙ |
| Индекс |
Ш6(2=Р)75-999 |
| 702 #1 - ИМЯ ЛИЦА - ВТОРИЧНАЯ ОТВЕТСТВЕННОСТЬ |
| Код отношения |
Составитель |
| Графика поля |
Кириллица |
| Материалы, к которым относится поле |
rus |
| Начальный элемент ввода |
Морозов |
| Часть имени, кроме начального элемента ввода |
В. И. |
| Дополнения к именам, кроме дат |
поэт |
| Даты |
1956- |
| Расширение инициалов личного имени |
Владимир Ильич |
| Системный номер авторитетной/нормативной записи |
44857 |
| Идентификатор авторитетной/нормативной записи |
RU\NLR\auth\7761927 |
| 801 #0 - ИСТОЧНИК ЗАПИСИ |
| Страна |
Российская Федерация |
| Организация |
NLR |
| Дата составления |
19990324 |
| Правила каталогизации |
PSBO |
| 801 #1 - ИСТОЧНИК ЗАПИСИ |
| Страна |
Российская Федерация |
| Организация |
NLR |
| Дата составления |
19990324 |
| 852 ## - МЕСТОНАХОЖДЕНИЕ И ШИФР ХРАНЕНИЯ |
| Идентификатор организации |
NLR |
| Шифр хранения (Call Number) |
99-4/77 |
| 942 ## - ДОПОЛНИТЕЛЬНЫЕ ЭЛЕМЕНТЫ ЗАПИСИ (АБИС) |
| Тип экземпляра АБИС |
Книга |
| 980 ## - КОЛЛЕКЦИЯ |
| Название коллекции |
Национальная библиография |